| 000 | 00738cam a2200265 i 4500 | ||
|---|---|---|---|
| 001 | 0000570 | ||
| 003 | DO-SdBNP | ||
| 005 | 20160726090335.0 | ||
| 007 | 0000570 | ||
| 008 | 100514s 1997 xxu 000 f spa | ||
| 015 | _a | ||
| 017 |
_a _b |
||
| 020 | _a081440359X | ||
| 035 | _a | ||
| 040 |
_aBPMSU _bspa _cBPMSU _e |
||
| 080 | _a | ||
| 100 | 1 |
_aLucas, James R. _d1950- |
|
| 245 | 1 | 0 |
_aFatal Illusions _bshredding a dozen unrealities that can keep your organization from success / _cJames R. Lucas |
| 260 |
_aNew York : _bAmerican management association, _c1997. |
||
| 300 |
_a228 p.: _c23 m |
||
| 500 | _aIncluye índice | ||
| 500 | _aedición de miembros de AMA | ||
| 942 |
_2ddc _cBK |
||
| 956 |
_aYLOCKWARD _810 _cBPMSU |
||
| 999 |
_c11028 _d11028 |
||